[Event "I Festival dell'Etna A"]
[Site "Nicolosi ITA"]
[Date "2014.12.07"]
[Round "4"]
[White "Efimov, Igor"]
[Black "Gangemi, Salvatore"]
[WhiteElo "2409"]
[BlackElo "2075"]
[Result "1-0"]
[PlyCount "81"]
[EventDate "2014.12.05"]

1. d4 d5 2. c4 e6 3. Nc3 Nf6 4. Nf3 a6 5. cxd5 exd5 6. Bg5 Be7 7. e3 c6 8. Qc2
Nbd7 9. Bd3 h6 10. Bh4 O-O 11. O-O Nh5 12. Bxe7 Qxe7 13. Rab1 Nhf6 14. b4 Qd6
15. h3 b6 16. a4 a5 17. b5 c5 18. e4 dxe4 19. Nxe4 Nxe4 20. Bxe4 Ra7 21. Rbd1
Rc7 22. Bc6 cxd4 23. Rxd4 Qf6 24. Rfd1 Nc5 25. Rd6 Qf5 26. Qc4 Be6 27. Bd5 Bxd5
28. R1xd5 Qb1+ 29. Rd1 Ne6 30. Qxc7 Qxd1+ 31. Rxd1 Nxc7 32. Rd6 Rb8 33. Ne5 Re8
34. Nc4 Re1+ 35. Kh2 Ne6 36. Rxb6 Ra1 37. Rc6 Rxa4 38. b6 Rb4 39. Nxa5 Nc5 40.
Rxc5 Rxb6 41. Nc4 1-0

[Event "I Festival dell'Etna A"]
[Site "Nicolosi ITA"]
[Date "2014.12.07"]
[Round "4"]
[White "Fabiano, Giuseppe"]
[Black "Valguarnera, Girolamo"]
[WhiteElo "2015"]
[BlackElo "2080"]
[Result "0-1"]
[PlyCount "54"]
[EventDate "2014.12.05"]

1. Nf3 Nf6 2. g3 g6 3. Bg2 Bg7 4. O-O O-O 5. d3 d6 6. e4 Nc6 7. c3 Rb8 8. a4 b6
9. Re1 e5 10. b4 Bg4 11. b5 Na5 12. Nbd2 Nh5 13. Nf1 Be6 14. Rb1 f5 15. Ng5 Ba2
16. Rb2 f4 17. Nxh7 Kxh7 18. Rxa2 Qe8 19. Bh3 Qf7 20. Rb2 Rbd8 21. Bg4 Bh6 22.
f3 Nf6 23. gxf4 Nxg4 24. fxg4 exf4 25. h3 Qf6 26. d4 Qh4 27. Qf3 Qxe1 0-1

[Event "I Festival dell'Etna A"]
[Site "Nicolosi ITA"]
[Date "2014.12.07"]
[Round "4"]
[White "Fasino, Salvatore"]
[Black "Nobile, Stefano"]
[WhiteElo "1604"]
[BlackElo "1803"]
[Result "0-1"]
[PlyCount "88"]
[EventDate "2014.12.05"]

1. e4 d6 2. d4 Nf6 3. Nc3 e5 4. dxe5 dxe5 5. Qxd8+ Kxd8 6. Bc4 Ke8 7. a3 c6 8.
Bg5 Nfd7 9. O-O-O f6 10. Be3 Nc5 11. Nge2 Be6 12. Bxc5 Bxc4 13. Bxf8 Rxf8 14.
Rd2 Nd7 15. Rhd1 Rd8 16. b3 Be6 17. Rd6 Ke7 18. Ng3 g6 19. Na4 b5 20. Nc3 Nb8
21. Rxd8 Rxd8 22. Rxd8 Kxd8 23. Kd2 a5 24. Nge2 Na6 25. g3 Kc7 26. Nc1 Kd6 27.
Nd3 Bh3 28. b4 axb4 29. axb4 Be6 30. Ne2 c5 31. bxc5+ Nxc5 32. Nxc5 Kxc5 33. c3
Bc4 34. f4 g5 35. fxg5 fxg5 36. Nc1 g4 37. Ke3 b4 38. cxb4+ Kxb4 39. Kd2 Kc5
40. Kc3 h6 41. Nd3+ Bxd3 42. Kxd3 Kb4 43. Kd2 Kc4 44. Ke3 Kc3 0-1

[Event "I Festival dell'Etna A"]
[Site "Nicolosi ITA"]
[Date "2014.12.07"]
[Round "4"]
[White "Favaloro, Andrea"]
[Black "Battaglia, Giuseppe"]
[WhiteElo "2026"]
[BlackElo "1690"]
[Result "1-0"]
[PlyCount "57"]
[EventDate "2014.12.05"]

1. e4 e5 2. Nf3 Nc6 3. Bb5 Be7 4. d4 exd4 5. O-O d6 6. Nxd4 Nf6 7. Nc3 O-O 8.
h3 Ne5 9. Be2 d5 10. f4 Nc6 11. Nxc6 bxc6 12. e5 Bc5+ 13. Kh1 Ne4 14. Nxe4 dxe4
15. Bc4 Qh4 16. Qe2 Rd8 17. f5 Qg3 18. Bf4 Qh4 19. e6 fxe6 20. fxe6 Kh8 21.
Qxe4 Bb7 22. Qf5 Bd6 23. Bxd6 cxd6 24. Bd3 Re8 25. Rf4 Qh6 26. Raf1 Rg8 27. Qf7
Rab8 28. Rb4 Rgf8 29. Qxf8+ 1-0

[Event "I Festival dell'Etna A"]
[Site "Nicolosi ITA"]
[Date "2014.12.07"]
[Round "4"]
[White "Gelardi, Davide"]
[Black "Seminara, Antonio"]
[WhiteElo "1863"]
[BlackElo "1963"]
[Result "1-0"]
[PlyCount "95"]
[EventDate "2014.12.05"]

1. c4 e5 2. Nc3 Nc6 3. g3 d6 4. Bg2 g6 5. Nf3 Bg7 6. O-O f5 7. d3 Nf6 8. Bd2
O-O 9. Rb1 a5 10. a3 h6 11. Ne1 Ne7 12. b4 c6 13. b5 g5 14. bxc6 bxc6 15. Qb3
Kh8 16. Nc2 Bd7 17. a4 Qc7 18. Qb6 Rfc8 19. Qxc7 Rxc7 20. Nb5 cxb5 21. Bxa8 b4
22. Nxb4 axb4 23. Bxb4 Nc8 24. a5 Ra7 25. Bg2 e4 26. Bd2 Kg8 27. Rb8 Kf7 28.
Rfb1 Ke6 29. R8b7 Ra6 30. d4 f4 31. e3 fxe3 32. fxe3 Kf5 33. Rf1+ Kg6 34. Rxf6+
Bxf6 35. Rxd7 Kf5 36. Rb7 Rc6 37. Bf1 Be7 38. Be2 Bd8 39. h3 Kf6 40. g4 Be7 41.
Bc3 d5 42. c5 Bd8 43. Bb5 Rc7 44. Rb8 Ke7 45. a6 Ra7 46. Rb7+ Ke6 47. Bd7+ Kf6
48. Bxc8 1-0

[Event "I Festival dell'Etna A"]
[Site "Nicolosi ITA"]
[Date "2014.12.07"]
[Round "4"]
[White "Guccione, Cristoforo"]
[Black "Todaro, Adriano"]
[WhiteElo "1983"]
[BlackElo "1748"]
[Result "1-0"]
[PlyCount "47"]
[EventDate "2014.12.05"]

1. e4 c5 2. Nf3 g6 3. d4 cxd4 4. Qxd4 Nf6 5. Nc3 Nc6 6. Qa4 Bg7 7. e5 Ng8 8.
Bf4 Nh6 9. O-O-O O-O 10. h4 Ng4 11. Ne4 Ncxe5 12. h5 d5 13. hxg6 fxg6 14. Bxe5
Nxe5 15. Nxe5 Bxe5 16. Rxd5 Bf4+ 17. Kb1 Qc7 18. g3 Bd6 19. Qd4 Be6 20. Rxh7
Be5 21. Rxe5 Rad8 22. Rd5 Kxh7 23. Ng5+ Kg8 24. Nxe6 1-0

[Event "I Festival dell'Etna A"]
[Site "Nicolosi ITA"]
[Date "2014.12.07"]
[Round "4"]
[White "Iannello, Andrea"]
[Black "Amato, Angelo"]
[WhiteElo "1904"]
[BlackElo "1659"]
[Result "1-0"]
[PlyCount "52"]
[EventDate "2014.12.05"]

1. e4 d6 2. d4 g6 3. Nc3 Bg7 4. Be3 b6 5. Qd2 c5 6. Nf3 Bg4 7. Bc4 Nd7 8. Ng5
e6 9. h3 h6 10. Nxf7 Kxf7 11. hxg4 Ngf6 12. f3 g5 13. O-O-O Qc7 14. Nb5 Qb8 15.
dxc5 Nxc5 16. Qxd6 Rd8 17. Qxb8 Raxb8 18. Nxa7 Na4 19. Bb3 Nc5 20. Nc6 Nxb3+
21. axb3 Rxd1+ 22. Rxd1 Ra8 23. Kb1 Ne8 24. Bd4 Rc8 25. Bxg7 Kxg7 26. Rd7+ Kf6
1-0

[Event "I Festival dell'Etna A"]
[Site "Nicolosi ITA"]
[Date "2014.12.07"]
[Round "4"]
[White "Lo Piccolo, Antonino"]
[Black "Battaglia, Fabio"]
[WhiteElo "1875"]
[BlackElo "1703"]
[Result "0-1"]
[PlyCount "74"]
[EventDate "2014.12.05"]

1. e4 c5 2. Nf3 d6 3. d4 cxd4 4. Nxd4 Nf6 5. Nc3 a6 6. Be2 e6 7. O-O Be7 8. Be3
b5 9. a3 Bb7 10. Bf3 Qc7 11. Qe2 Nbd7 12. g3 O-O 13. Rad1 Ne5 14. Bg2 Nc4 15.
Bc1 Nxa3 16. Rfe1 Nc4 17. f4 Rad8 18. e5 dxe5 19. fxe5 Nd5 20. Nxd5 Bxd5 21. b3
Nb6 22. Be4 Bc5 23. Kf1 Qxe5 24. Bxd5 Qxd5 25. Nf3 Qc6 26. Bb2 Bb4 27. Rxd8
Rxd8 28. Rd1 Rxd1+ 29. Qxd1 Qd5 30. Qe2 h6 31. Kg1 Bc5+ 32. Kf1 Qf5 33. Ke1 Nd5
34. Nd4 Qf6 35. Qe4 Bb4+ 36. c3 Bxc3+ 37. Bxc3 Nxc3 0-1

[Event "I Festival dell'Etna A"]
[Site "Nicolosi ITA"]
[Date "2014.12.07"]
[Round "4"]
[White "Manakova, Maria"]
[Black "Pace, Colin"]
[WhiteElo "2352"]
[BlackElo "2095"]
[Result "0-1"]
[PlyCount "142"]
[EventDate "2014.12.05"]

1. e4 c5 2. Nf3 e6 3. d4 cxd4 4. Nxd4 Nf6 5. Nc3 Nc6 6. Ndb5 Bc5 7. Nd6+ Ke7 8.
Bf4 e5 9. Nf5+ Kf8 10. Be3 Bb4 11. Qf3 d5 12. O-O-O Bxf5 13. exf5 d4 14. Nb1
Qa5 15. Bg5 Qxa2 16. Bxf6 gxf6 17. Bd3 Rc8 18. Be4 Na5 19. Rd3 Qc4 20. Na3 Qc5
21. Rdd1 Ke7 22. Bd5 Bxa3 23. Qxa3 Qxa3 24. bxa3 Rc5 25. Ba2 Rhc8 26. Rd2 Rc3
27. Kb2 R8c6 28. Re1 Rb6+ 29. Ka1 Rxa3 30. Rxd4 Nc6 31. Rd2 Nb4 32. c3 Rxc3 33.
Bb1 Rc5 34. Red1 Ra5+ 35. Kb2 Nc6+ 36. Kc2 Nd4+ 37. Kd3 Ra3+ 38. Ke4 Rb4 39.
Rd3 Rxd3 40. Kxd3 Nc6 41. Kc3 Rd4 42. Re1 b5 43. Be4 Rc4+ 44. Kd3 Nb4+ 45. Kd2
a5 46. f3 Kd6 47. Rb1 Kc5 48. Ke2 a4 49. Rd1 Nc2 50. Rd5+ Kb4 51. Kd2 Nd4 52.
Bd3 Rc5 53. Rd7 a3 54. Ra7 Nb3+ 55. Ke3 Na5 56. Bb1 Rc1 57. Ba2 Rc2 58. Bxf7 a2
59. Bxa2 Rxa2 60. Rxh7 Kc3 61. g4 Nc4+ 62. Ke4 Rd2 63. f4 Rd4+ 64. Kf3 Rxf4+
65. Kg3 b4 66. h4 b3 67. g5 fxg5 68. hxg5 Rxf5 69. Kg4 Ne3+ 70. Kh5 b2 71. Rb7
Rf1 0-1

[Event "I Festival dell'Etna A"]
[Site "Nicolosi ITA"]
[Date "2014.12.07"]
[Round "4"]
[White "Marzaduri, Riccardo"]
[Black "Savina, Anastasia"]
[WhiteElo "2132"]
[BlackElo "2397"]
[Result "1/2-1/2"]
[PlyCount "61"]
[EventDate "2014.12.05"]

1. e4 c5 2. Nf3 e6 3. d4 cxd4 4. Nxd4 a6 5. Nc3 b5 6. a3 Bb7 7. Be2 Qc7 8. O-O
Nf6 9. Bf3 Nc6 10. g3 Ne5 11. Bg2 d6 12. f4 Nc4 13. Kh1 Be7 14. Qe2 Rd8 15. Rd1
O-O 16. g4 d5 17. e5 Ne4 18. Nxe4 dxe4 19. c3 Bc5 20. Bxe4 Na5 21. Qg2 Nb3 22.
Rb1 Bxd4 23. cxd4 Bxe4 24. Qxe4 h5 25. f5 Nxd4 26. Bg5 f6 27. Rbc1 exf5 28.
gxf5 Qe7 29. Rxd4 Rxd4 30. Qxd4 Qb7+ 31. Kg1 1/2-1/2

[Event "I Festival dell'Etna A"]
[Site "Nicolosi ITA"]
[Date "2014.12.07"]
[Round "4"]
[White "Mihajlova, Diana"]
[Black "Mammoliti, Raffaele"]
[WhiteElo "1478"]
[BlackElo "1512"]
[Result "0-1"]
[PlyCount "96"]
[EventDate "2014.12.05"]

1. e4 c5 2. Nf3 d6 3. d4 cxd4 4. Nxd4 Nf6 5. Nc3 a6 6. Bg5 e6 7. Qd2 b5 8.
O-O-O Be7 9. f4 b4 10. Bxf6 bxc3 11. Qxc3 Bxf6 12. e5 Be7 13. Qf3 d5 14. f5
exf5 15. Nxf5 Bxf5 16. Qxf5 O-O 17. Bc4 d4 18. Qe4 Nd7 19. e6 Nc5 20. exf7+ Kh8
21. Qf3 Qb6 22. h4 Rab8 23. b3 Qb4 24. Rxd4 Bf6 25. Rd6 Nxb3+ 26. axb3 Qxd6 27.
c3 Qa3+ 28. Kc2 Qa2+ 29. Kd3 Rbd8+ 30. Ke4 Qc2+ 31. Kf4 Bxc3 32. Kg4 Be5 33. h5
Rd4+ 34. Kh3 Rf4 35. Qd1 Qf2 36. g3 Rxc4 37. Rg1 Rc2 38. Kg4 Rd2 39. Qe1 Rd4+
40. Kh3 Qf5+ 41. Kg2 Qxh5 42. Rh1 Qg5 43. Rxh7+ Kxh7 44. Qb1+ g6 45. Qh1+ Kg7
46. Qe1 Qxg3+ 47. Qxg3 Bxg3 48. Kxg3 Rxf7 0-1

[Event "I Festival dell'Etna A"]
[Site "Nicolosi ITA"]
[Date "2014.12.07"]
[Round "4"]
[White "Monaco, Alessandro"]
[Black "Gueci, Laura"]
[WhiteElo "1664"]
[BlackElo "2010"]
[Result "0-1"]
[PlyCount "70"]
[EventDate "2014.12.05"]

1. e4 c5 2. Nc3 Nc6 3. g3 g6 4. Bg2 Bg7 5. d3 d6 6. Be3 e6 7. f4 Nge7 8. Nf3
Nd4 9. O-O O-O 10. Qd2 Rb8 11. Nd1 b5 12. c3 Nxf3+ 13. Bxf3 b4 14. d4 bxc3 15.
Nxc3 cxd4 16. Bxd4 Bxd4+ 17. Qxd4 Nc6 18. Qf2 e5 19. Nd5 Nd4 20. Bg2 Ba6 21.
Rfe1 Rc8 22. Nc3 f6 23. Bf1 Qb6 24. Kg2 Bb7 25. Rac1 Kg7 26. b3 Qa5 27. Bc4 f5
28. Qe3 fxe4 29. Nxe4 Nf5 30. Qd3 d5 31. Bxd5 Qxd5 32. Qxd5 Bxd5 33. Rxc8 Rxc8
34. Kg1 exf4 35. gxf4 Re8 0-1

[Event "I Festival dell'Etna A"]
[Site "Nicolosi ITA"]
[Date "2014.12.07"]
[Round "4"]
[White "Musso, Andrea"]
[Black "Terwagne, Bertrand"]
[WhiteElo "1697"]
[BlackElo "1865"]
[Result "0-1"]
[PlyCount "102"]
[EventDate "2014.12.05"]

1. e4 e5 2. Nf3 Nc6 3. d4 exd4 4. Nxd4 Qh4 5. Nc3 Bb4 6. Be3 Qxe4 7. Ndb5 Kd8
8. a3 Bxc3+ 9. Nxc3 Qe5 10. Qf3 Nf6 11. O-O-O d6 12. Bc4 Bg4 13. Qf4 Qxf4 14.
Bxf4 Bxd1 15. Rxd1 Rf8 16. Nb5 Ne8 17. Bb3 a6 18. Nd4 Nxd4 19. Rxd4 Kd7 20. Bg3
Nf6 21. Rf4 Nh5 22. Rxf7+ Rxf7 23. Bxf7 Nxg3 24. fxg3 Rf8 25. Bd5 b6 26. Bf3
Re8 27. Kd2 Re5 28. b3 c6 29. h3 Rg5 30. g4 Ra5 31. a4 b5 32. axb5 Rxb5 33. Kc3
a5 34. Be4 h6 35. Bf3 d5 36. Kd3 Kd6 37. Kc3 Ke5 38. Kd3 Rb4 39. Ke3 c5 40. Be2
Re4+ 41. Kd3 c4+ 42. Kd2 Rxe2+ 43. Kxe2 Ke4 44. g3 cxb3 45. cxb3 d4 46. h4 d3+
47. Kd2 Kf3 48. Kxd3 Kxg3 49. Kc4 Kxh4 50. Kb5 Kxg4 51. Kxa5 h5 0-1

[Event "I Festival dell'Etna A"]
[Site "Nicolosi ITA"]
[Date "2014.12.07"]
[Round "4"]
[White "Norrito, Salvatore"]
[Black "Tirenna, Francesco"]
[WhiteElo "1564"]
[BlackElo "1422"]
[Result "0-1"]
[PlyCount "90"]
[EventDate "2014.12.05"]

1. e4 e6 2. Nf3 c5 3. c3 Nc6 4. d4 d5 5. e5 Qb6 6. g3 Bd7 7. Bg2 Nge7 8. dxc5
Qxc5 9. O-O Ng6 10. Be3 Qa5 11. b4 Qc7 12. Nd4 Ncxe5 13. a4 a6 14. f4 Nc4 15.
Bc1 Bd6 16. f5 exf5 17. Qe2+ Nge5 18. Bxd5 O-O 19. Nd2 Rae8 20. Nxc4 Nxc4 21.
Qxc4 Qb6 22. Kg2 Rc8 23. Qd3 g6 24. Be3 Qd8 25. Qd2 Re8 26. Bxb7 Rc7 27. Bxa6
Qa8+ 28. Nf3 Qxa6 29. b5 Qb7 30. Rae1 Bf8 31. h4 Bg7 32. Bd4 Rxe1 33. Qxe1 Bxd4
34. cxd4 Rc4 35. Kh2 Rxa4 36. Rf2 Qxb5 37. Rd2 f4 38. Qe5 fxg3+ 39. Kxg3 Qb6
40. d5 Rg4+ 41. Kh2 Qb3 42. Rb2 Qc4 43. Rb8+ Bc8 44. Qe7 Kg7 45. Rxc8 Qa2+ 0-1

[Event "I Festival dell'Etna A"]
[Site "Nicolosi ITA"]
[Date "2014.12.07"]
[Round "4"]
[White "Paladino, Antonio"]
[Black "Favitta, Amedeo"]
[WhiteElo "1537"]
[BlackElo "1789"]
[Result "0-1"]
[PlyCount "58"]
[EventDate "2014.12.05"]

1. e4 e6 2. d4 d5 3. exd5 exd5 4. Nf3 Nf6 5. Bd3 Bg4 6. Bg5 h6 7. Be3 Bd6 8. h3
Bh5 9. Nbd2 O-O 10. O-O Nc6 11. c3 Re8 12. Qc2 Bxf3 13. Nxf3 Rb8 14. Rac1 b5
15. b4 a5 16. a3 Ne4 17. Nd2 f5 18. Nb3 f4 19. Bd2 Qh4 20. Nc5 f3 21. Qa2 Kh8
22. Bxe4 dxe4 23. Be3 fxg2 24. Kxg2 Qh5 25. Rg1 Bxc5 26. dxc5 Ne5 27. Bd4 Nd3
28. Rc2 Nf4+ 29. Kf1 Qd1# 0-1

[Event "I Festival dell'Etna A"]
[Site "Nicolosi ITA"]
[Date "2014.12.07"]
[Round "4"]
[White "Pisacane, Pietro"]
[Black "Cannella, Carlo"]
[WhiteElo "2110"]
[BlackElo "1931"]
[Result "1/2-1/2"]
[PlyCount "105"]
[EventDate "2014.12.05"]

1. c4 Nf6 2. g3 d5 3. Nf3 c6 4. b3 Bf5 5. Bg2 e6 6. O-O Be7 7. d3 h6 8. Bb2 O-O
9. Nbd2 Nbd7 10. Re1 a5 11. e4 dxe4 12. dxe4 Bh7 13. e5 Ne8 14. Ne4 Nc5 15.
Nxc5 Bxc5 16. Qxd8 Rxd8 17. Red1 Nc7 18. Bd4 Na6 19. Be3 Bxe3 20. fxe3 Nb4 21.
Nd4 Rd7 22. a3 Nd3 23. Nf3 Rfd8 24. Rd2 g5 25. h3 Be4 26. Rad1 Bxf3 27. Bxf3
Nxe5 28. Rxd7 Rxd7 29. Rxd7 Nxd7 30. Kf2 Ne5 31. Be2 Kg7 32. b4 axb4 33. axb4
Kf6 34. e4 Nd7 35. Ke3 Ke5 36. Bh5 f5 37. Bf3 Nb6 38. exf5 exf5 39. Be2 Nd7 40.
Bf3 Nf6 41. Be2 Ne4 42. g4 f4+ 43. Kd3 Nd6 44. Bf3 Ne8 45. Bg2 Nf6 46. Bf3 Nd7
47. Bg2 Nb6 48. Bf3 Na4 49. c5 Nb2+ 50. Kc3 Na4+ 51. Kd3 Nb2+ 52. Kc3 Na4+ 53.
Kd3 1/2-1/2

[Event "I Festival dell'Etna A"]
[Site "Nicolosi ITA"]
[Date "2014.12.07"]
[Round "4"]
[White "Rosolia, Giuseppe"]
[Black "Trifoglio, Giovanni"]
[WhiteElo "1806"]
[BlackElo "1877"]
[Result "0-1"]
[PlyCount "146"]
[EventDate "2014.12.05"]

1. Nf3 Nf6 2. d3 g6 3. e4 d6 4. Nbd2 Bg7 5. g3 O-O 6. Bg2 e5 7. O-O c5 8. a4
Nc6 9. Nc4 Be6 10. Ng5 Bg4 11. f3 Bc8 12. Bh3 Bxh3 13. Nxh3 d5 14. Ne3 Qd7 15.
Nf2 a6 16. Neg4 Nxg4 17. Nxg4 f5 18. Ne3 Ne7 19. Ng2 Rf7 20. Be3 d4 21. Bg5 h6
22. Bxe7 Qxe7 23. Qe2 Raf8 24. f4 Re8 25. exf5 gxf5 26. fxe5 Bxe5 27. b3 Qf6
28. Qf3 Bd6 29. Rae1 Rxe1 30. Rxe1 Kg7 31. Nh4 f4 32. Qg4+ Qg5 33. Qxg5+ hxg5
34. Nf3 fxg3 35. Nxg5 gxh2+ 36. Kg2 Rf6 37. Nf3 Rg6+ 38. Kh1 Rf6 39. Nxh2 Bxh2
40. Kxh2 Rf2+ 41. Kg3 Rxc2 42. Re7+ Kf6 43. Rxb7 Rc3 44. Kf4 Rxd3 45. Rb6+ Ke7
46. Rxa6 Rxb3 47. Rc6 Rc3 48. a5 Kd7 49. Rb6 Kc7 50. Ke4 d3 51. Ke3 Ra3 52. Rh6
c4 53. Rh4 Rc3 54. Rh2 Kb7 55. Ra2 Ka6 56. Kd2 Rb3 57. Ke3 Rb1 58. Kd2 Rb8 59.
Kc3 Rc8 60. Ra4 Rc6 61. Ra2 Rc5 62. Kb4 c3 63. Kxc5 c2 64. Kc4 c1=Q+ 65. Kxd3
Qb1+ 66. Rc2 Kxa5 67. Kd2 Kb4 68. Rc8 Qa2+ 69. Rc2 Qd5+ 70. Kc1 Qd4 71. Rb2+
Kc3 72. Rc2+ Kb3 73. Rc8 Qf4+ 0-1

[Event "I Festival dell'Etna A"]
[Site "Nicolosi ITA"]
[Date "2014.12.07"]
[Round "4"]
[White "Russo, Alfio"]
[Black "Gueci, Tea"]
[WhiteElo "1867"]
[BlackElo "2018"]
[Result "0-1"]
[PlyCount "67"]
[EventDate "2014.12.05"]

1. d4 Nf6 2. Nf3 c5 3. e3 g6 4. Be2 Bg7 5. O-O O-O 6. b3 d6 7. Bb2 Nbd7 8. Nbd2
Rb8 9. a4 Qc7 10. Nc4 b6 11. Ne1 Bb7 12. f3 Rfd8 13. c3 d5 14. Na3 a6 15. f4
Ne4 16. Nf3 Rbc8 17. Rc1 Qd6 18. Nb1 Qe6 19. Nbd2 cxd4 20. cxd4 Bxd4 21. Nxd4
Nc3 22. Bxc3 Qxe3+ 23. Kh1 Rxc3 24. Rxc3 Qxc3 25. N4f3 Rc8 26. Bd3 e6 27. f5
exf5 28. Bxf5 gxf5 29. Nh4 Qc2 30. Qh5 Qd3 31. Re1 Qxd2 32. Rf1 Rc1 33. Qxf5
Rxf1+ 34. Qxf1 0-1

[Event "I Festival dell'Etna A"]
[Site "Nicolosi ITA"]
[Date "2014.12.07"]
[Round "4"]
[White "Santagati, Alessandro"]
[Black "Vesce, Emanuele"]
[WhiteElo "2212"]
[BlackElo "1895"]
[Result "0-1"]
[PlyCount "60"]
[EventDate "2014.12.05"]

1. e4 c5 2. Nf3 d6 3. d4 cxd4 4. Nxd4 Nf6 5. Nc3 a6 6. Be3 e5 7. Nb3 Be7 8. f3
Be6 9. Qd2 O-O 10. O-O-O Nbd7 11. g4 b5 12. g5 b4 13. Ne2 Ne8 14. f4 a5 15. f5
a4 16. Nbd4 exd4 17. Nxd4 b3 18. Kb1 bxc2+ 19. Nxc2 Bb3 20. axb3 axb3 21. Na3
Ne5 22. h4 Ra4 23. Qd5 Nc7 24. Qxb3 Qa8 25. Qc2 Rb8 26. Ka2 Nc6 27. Qc3 d5 28.
Bc1 d4 29. Qf3 Bxa3 30. bxa3 Qb7 0-1

[Event "I Festival dell'Etna A"]
[Site "Nicolosi ITA"]
[Date "2014.12.07"]
[Round "4"]
[White "Sardo, Gabriele"]
[Black "Iannello, Antonio"]
[WhiteElo "2211"]
[BlackElo "1907"]
[Result "1-0"]
[PlyCount "99"]
[EventDate "2014.12.05"]

1. d4 Nf6 2. c4 g6 3. Nc3 Bg7 4. e4 d6 5. Nf3 O-O 6. Be2 e5 7. O-O Nc6 8. d5
Ne7 9. Ne1 Nd7 10. Be3 f5 11. f3 f4 12. Bf2 g5 13. a4 Ng6 14. a5 Rf7 15. b4 Bf8
16. c5 Nf6 17. c6 Rg7 18. cxb7 Bxb7 19. a6 Bc8 20. Bb5 Ne7 21. g4 fxg3 22. hxg3
Bd7 23. Qa4 Nc8 24. Bxd7 Nxd7 25. Be3 Qf6 26. Qc6 Ndb6 27. Ra2 Qg6 28. Rh2 h5
29. g4 Rh7 30. Rff2 h4 31. Nc2 Qf6 32. Bxb6 Nxb6 33. Ne3 Qf4 34. Nf5 Rb8 35.
Nd1 Kh8 36. Nde3 h3 37. b5 Na4 38. Qc4 Nc5 39. Nf1 Bg7 40. N1g3 Rf8 41. Qc3 Kg8
42. Ne7+ Kf7 43. Ngf5 Bf6 44. Nc6 Ra8 45. Rh1 Rhh8 46. Qe3 Ke8 47. Rfh2 Qxe3+
48. Nxe3 Na4 49. Rxh3 Kd7 50. Rh7+ 1-0

[Event "I Festival dell'Etna A"]
[Site "Nicolosi ITA"]
[Date "2014.12.07"]
[Round "4"]
[White "Savalla, Gianluca"]
[Black "Giuffrida, Francesco"]
[WhiteElo "1753"]
[BlackElo "1527"]
[Result "1/2-1/2"]
[PlyCount "46"]
[EventDate "2014.12.05"]

1. b3 Nf6 2. Bb2 c5 3. e3 Nc6 4. Nf3 e6 5. c4 d5 6. d4 cxd4 7. Nxd4 Bb4+ 8. Nc3
Nxd4 9. Qxd4 e5 10. Qxe5+ Be6 11. cxd5 Nxd5 12. Qxg7 Qa5 13. Rc1 O-O-O 14. Ke2
Kb8 15. a4 Rhg8 16. Qe5+ Bd6 17. Qd4 Bc5 18. Qe4 Bg4+ 19. Ke1 Bb4 20. Qe5+ Ka8
21. h3 f6 22. Qh2 Bxc3+ 23. Bxc3 Nxc3 1/2-1/2

[Event "I Festival dell'Etna A"]
[Site "Nicolosi ITA"]
[Date "2014.12.07"]
[Round "4"]
[White "Savalla, Pietro"]
[Black "Novak, Ksenija"]
[WhiteElo "1919"]
[BlackElo "2087"]
[Result "0-1"]
[PlyCount "92"]
[EventDate "2014.12.05"]

1. d4 d5 2. c4 e6 3. Nc3 Nf6 4. cxd5 exd5 5. Bg5 c6 6. e3 Be7 7. Qc2 Nbd7 8.
Bd3 Nf8 9. Nf3 Ng6 10. O-O O-O 11. Ne5 Ng4 12. Bxe7 Qxe7 13. Nxg4 Bxg4 14. Rae1
Bd7 15. Bf5 Bxf5 16. Qxf5 Qb4 17. Qc2 f5 18. Qb3 Qxb3 19. axb3 f4 20. g3 fxe3
21. fxe3 Rae8 22. Rxf8+ Nxf8 23. Kf2 Nd7 24. e4 Rf8+ 25. Kg2 dxe4 26. Nxe4 b6
27. Ra1 a5 28. Rc1 Re8 29. Kf3 Re6 30. Rc2 Nf6 31. Nxf6+ Rxf6+ 32. Ke3 Kf7 33.
Rc1 Ke7 34. Rd1 Kd6 35. Ke2 Re6+ 36. Kd3 Rf6 37. Re1 Rf2 38. Re2 Rxe2 39. Kxe2
Kd5 40. Kd3 h5 41. h3 g5 42. Ke3 c5 43. dxc5 Kxc5 44. Kd3 Kb4 45. Kc2 b5 46. g4
h4 0-1

[Event "I Festival dell'Etna A"]
[Site "Nicolosi ITA"]
[Date "2014.12.07"]
[Round "4"]
[White "Signorelli, Gaetano"]
[Black "Lalic, Bogdan"]
[WhiteElo "2091"]
[BlackElo "2479"]
[Result "0-1"]
[PlyCount "40"]
[EventDate "2014.12.05"]

1. e4 c5 2. f4 d5 3. exd5 Nf6 4. Bb5+ Bd7 5. Bxd7+ Qxd7 6. c4 e6 7. dxe6 Qxe6+
8. Qe2 Qxe2+ 9. Nxe2 Nc6 10. Na3 Nb4 11. d4 cxd4 12. Nxd4 O-O-O 13. Nb3 Nd3+
14. Kf1 Bxa3 15. bxa3 Rhe8 16. Bd2 Ne4 17. Be3 Nd6 18. Bd4 Nxc4 19. Rd1 Rxd4
20. Nxd4 Ne3+ 0-1

[Event "I Festival dell'Etna A"]
[Site "Nicolosi ITA"]
[Date "2014.12.07"]
[Round "4"]
[White "Spina, Simonpietro"]
[Black "Tondo, Salvatore"]
[WhiteElo "1858"]
[BlackElo "1895"]
[Result "1-0"]
[PlyCount "61"]
[EventDate "2014.12.05"]

1. e4 c5 2. Nc3 Nc6 3. f4 d6 4. Nf3 Nf6 5. Bc4 e6 6. Bb3 Be7 7. O-O Nd4 8. d3
Nxb3 9. axb3 b6 10. Ne2 Bb7 11. Ng3 g6 12. Bd2 Qc7 13. Bc3 O-O 14. f5 exf5 15.
exf5 d5 16. Be5 Qd7 17. Bf4 d4 18. c4 dxc3 19. bxc3 Rfd8 20. fxg6 hxg6 21. Qe2
Nd5 22. Bh6 Bf6 23. Ne4 Bg7 24. Bxg7 Kxg7 25. Ne5 Nxc3 26. Qe3 Nd5 27. Qg5 Qe6
28. Rxf7+ Qxf7 29. Nxf7 Kxf7 30. Qe5 Re8 31. Nd6+ 1-0

[Event "I Festival dell'Etna A"]
[Site "Nicolosi ITA"]
[Date "2014.12.07"]
[Round "4"]
[White "Tiviakov, Sergei"]
[Black "Ljubisavljevic, Zivojin Z."]
[WhiteElo "2677"]
[BlackElo "2161"]
[Result "1-0"]
[PlyCount "85"]
[EventDate "2014.12.05"]

1. e4 e6 2. d4 d5 3. Nd2 c5 4. exd5 exd5 5. Ngf3 Nc6 6. Bb5 Bd6 7. dxc5 Bxc5 8.
O-O Nge7 9. Nb3 Bb6 10. Re1 O-O 11. Be3 Bg4 12. h3 Bh5 13. Bxb6 axb6 14. Be2
Qd6 15. c3 Bxf3 16. Bxf3 Ne5 17. Nd4 Rad8 18. Be2 Qf6 19. Qb3 N7g6 20. Bf1 Nf4
21. Re3 h5 22. Rae1 Nd7 23. Qd1 h4 24. Qg4 Ng6 25. Rf3 Nge5 26. Rxf6 Nxg4 27.
Rd6 Ngf6 28. Bb5 Nc5 29. Rxb6 Nfe4 30. Nf5 g6 31. Nxh4 d4 32. cxd4 Rxd4 33. Be2
Nxf2 34. Nf3 Nfd3 35. Nxd4 Nxe1 36. Bc4 Kg7 37. b4 Rd8 38. bxc5 Rxd4 39. Bb3
Nd3 40. Rxb7 Nxc5 41. Rxf7+ Kh6 42. Rc7 Nxb3 43. axb3 1-0

[Event "I Festival dell'Etna A"]
[Site "Nicolosi ITA"]
[Date "2014.12.07"]
[Round "4"]
[White "Zuccarotto, Salvatore"]
[Black "Oddo, Salvatore"]
[WhiteElo "1727"]
[BlackElo "1604"]
[Result "1-0"]
[PlyCount "85"]
[EventDate "2014.12.05"]

1. Nf3 d6 2. e4 e5 3. Bc4 Nd7 4. O-O Be7 5. d4 c6 6. c3 Ngf6 7. Nbd2 O-O 8. Qb3
b5 9. Bd3 a5 10. dxe5 dxe5 11. Qc2 a4 12. Rd1 Qc7 13. a3 Nc5 14. b4 Nxd3 15.
Qxd3 Rd8 16. Qc2 Be6 17. Bb2 Nd7 18. c4 Bd6 19. h3 f6 20. Nh4 g6 21. Rac1 Qb6
22. cxb5 cxb5 23. Qc6 Qb8 24. Nf1 Nf8 25. Qc3 Rc8 26. Qd2 Rxc1 27. Qxc1 Ra6 28.
Ne3 Qb7 29. Nd5 Kf7 30. Nf3 Nd7 31. Qh6 Kg8 32. Qh4 Kg7 33. Bc1 h5 34. g4 Bf7
35. gxh5 g5 36. Nxg5 Qc8 37. h6+ Kg6 38. Nxf7 Kxf7 39. Qh5+ Ke6 40. h7 Ra8 41.
Kh2 Qe8 42. Qf5+ Kf7 43. Nc7 1-0

[Event "I Festival dell'Etna A"]
[Site "Nicolosi ITA"]
[Date "2014.12.07"]
[Round "5"]
[White "Amato, Angelo"]
[Black "Rosolia, Giuseppe"]
[WhiteElo "1659"]
[BlackElo "1806"]
[Result "0-1"]
[PlyCount "54"]
[EventDate "2014.12.05"]

1. c4 e5 2. e4 c6 3. Nf3 Nf6 4. d3 Be7 5. Nc3 Bb4 6. Nxe5 Bxc3+ 7. bxc3 Qa5 8.
f4 d6 9. Nf3 Qxc3+ 10. Bd2 Qa3 11. Qb3 Qxb3 12. axb3 O-O 13. h3 Nh5 14. Kf2 f5
15. exf5 Nf6 16. g4 d5 17. Nd4 dxc4 18. dxc4 Ne4+ 19. Ke3 Re8 20. Ne6 Bxe6 21.
fxe6 Rxe6 22. f5 Re8 23. Rh2 Na6 24. Kf4 Nac5 25. Re1 g5+ 26. Ke3 Nxd2+ 27.
Kxd2 Rad8+ 0-1